Statistics for The Simpsons - Advanced Trivia

Click here to take the quiz!

General Stats

  • This quiz has been taken 7 times
  • The average score is 10 of 20

Answer Stats

HintAnswer% Correct
Animal seen for sale at Police Seized-Property AuctionTiger
83%
M.C. set to perform at Murder 4 Life concertM.C. Champagne Millionaire
67%
Name of 'tiny, green space alien' that only Homer can seeOzmodiar
67%
Date of Whacking Day10th May
50%
Itchy and Scratchy episode in which Itchy 'plays Scratchy's skeleton like a xylophone'2F09
50%
Director of Drop Da Bomb music videoAng Lee
50%
Game at Noiseland Video Arcade called 'Robert Goulet...'Destroyer
50%
Spanish-language courtroom show, featuring Bumblebee Man as a judge¿Dónde Está Justice?
50%
Homer asks this man for favour in exchange for paying him back a loan 'last month'Jerry
50%
Charity tennis tournament, in which the Simpson family competeKrusty Kharity Klassic
50%
The main characters of Police Cops are Homer Simpson and...Lance Coffman
50%
Music-related magazine Marge sees whilst looking at Death Sports magazinesMosh Pitter
50%
Video game, featuring George H.W. Bush saying 'winners don't use drugs'Panamanian Strongman
50%
It Never Ends character who is set to start a softball team 'with sexy results'Sister Bernadette
50%
Name of Mr. Bergstrom's Springfield apartment buildingThe Happy Gypsy
50%
New Bedlam Asylum sign states '...isn't committed here.'Your mother
50%
Movie showing at Springfield Googolplex Theatres called 'Final Chapter:..'A New Beginning
33%
At a charity bachelor auction, 5 women jointly bid this much to date Apu$926
17%
Credited as author on front cover of Guide to Infantile DistressDr. Washburn's Asbestos Pills
17%
Town of 'Muddy Mae Suggins'Dyersburg, Tennessee
17%

Score Distribution

Percentile by Number Answered

Percent of People with Each Score

Your Score History

You have not taken this quiz